00621nam a2200193Ia 4500008004100000020001400041082001600055100002100071245006500092250000700157260004500164300002800209500001900237600002700256650001500283942000700298952010700305999001500412240925s9999 xx 000 0 und d a133000397 a621.118 SCH aSchwartz ,Mel M. 0aComposite Materials: processing fabrication and applications aNA aNew Jersey:bPrintice- Hall Int.c,1996. axvi,349p.bIIfOriginal aIncludes Index aEngineering Technology aTechnology cBK 001040708ETaUITUbUITUd2000-08-16eNAl0o621.118 SCHpQ2707r2024-09-25 07:12:53w2024-09-25yBK c5206d5206